Analýza účtovnej závierky vybranej zdravotnej poisťovne diplomová práca

Guardado en:
Detalles Bibliográficos
Autor principal: Bagiová, Alexandra, 1994-
Autor Corporativo: Fakulta hospodárskej informatiky EU. Katedra účtovníctva a audítorstva
Otros Autores: Tučníková, Daniela
Formato: Libro
Lenguaje:eslovaco
Publicado: Bratislava 2018
Etiquetas: Agregar Etiqueta
Sin Etiquetas, Sea el primero en etiquetar este registro!

MARC

LEADER 00000nbm a2200000 4500
001 0243535
005 20181108090646.8
041 0 |a slo 
044 |a SK 
245 1 0 |a Analýza účtovnej závierky vybranej zdravotnej poisťovne  |b diplomová práca  |c Alexandra Bagiová ; školiteľ: Daniela Tučníková 
264 1 |a Bratislava  |c 2018 
300 |a 86 s. 
100 1 |a Bagiová, Alexandra, 1994- 
700 1 |a Tučníková, Daniela 
710 2 |a Fakulta hospodárskej informatiky EU. Katedra účtovníctva a audítorstva